Catálogo
 En Linea

La sentencia que condene a un individuo por gravidez,... (Registro nro. 30714)

Detalles MARC
000 -CABECERA
campo de control de longitud fija 00257nam a2200097 a 4500
005 - FECHA Y HORA DE LA ÚLTIMA TRANSACCIÓN
campo de control 20200930062801.0
008 - DATOS DE LONGITUD FIJA--INFORMACIÓN GENERAL
campo de control de longitud fija 110615s1915 000 spa d
040 ## - FUENTE DE LA CATALOGACIÓN
Centro catalogador/agencia de origen DO-SdBNP
245 #3 - MENCIÓN DE TÍTULO
Título La sentencia que condene a un individuo por gravidez,...
260 ## - PUBLICACIÓN, DISTRIBUCIÓN, ETC.
Fecha de publicación, distribución, etc. 1915.

No hay ítems disponibles.

Con tecnología Koha